Quizz sur la maintenance - Statistiques

Statistiques générales
  • Ce quiz a été pris 278 fois
  • Le résultat moyen est 7 sur 13
Statistiques - réponses
Question Réponse % Correct
Quels sont les deux types de maintenance ? Corrective et préventive
95%
Quel est le but de la maintenance préventive ? Eviter une panne par une intervention préalable
87%
La maintenance corrective est effectuée... Après l’apparition d'une défaillance
74%
Quel est l'objectif de la maintenance industrielle ? Maintenir un bien en état d'assurer un service déterminé
72%
Quel service est directement influencé par l'état général des équipements, encore bien plus que la production ? La sécurité
65%
Qu'est-ce que la fiabilité ? La capacité à ne pas avoir de défaillance
63%
Dans quelle phase de sa vie une machine est la moins sujette à des défaillances ? Dans sa vie utile
56%
Qu'est-ce que la maintenabilité ? La capacité à être rapidement dépanné
39%
Quels objectifs sont liés par la maintenance ? Efficience et couts
37%
Etude de cas : Une grue ayant moins d'un an de fonctionnement, avec des pièces détachées sujettes à de forts coûts et temps d’approvisionnement, sur le chemin critique de la production est déployée sur un petit projet. Quel type de maintenance employer ? Préventive systématique
37%
L'objectif principal de la maintenance est le gain de... Productivité des équipements
34%
Etude de cas : Une pompe à béton en phase de vie utile est déployée sur un grand projet, en soutien de machines plus imposantes. Ces pièces de rechange sont très courantes. Quel type de maintenance employer ? Préventif conditionnel
32%
A quoi sert l'étude de criticité ? Classer les équipements pour se concentrer sur l'essentiel
25%
Aucun quiz correspondant
Distribution des résultats
% des personnes avec chaque résultat
Percentile par nombre de réponses
Votre historique - résultats
Vous n’avez pas pris ce quiz